Most Common Place Names in the U.S. - Statistics

General Stats
  • This quiz has been taken 39 times
  • The average score is 3 of 17
Answer Stats
# Biggest Place % Correct
22 Missouri Springfield
78%
23 Wisconsin Madison
47%
30 Tennessee Franklin
38%
21 Oregon Salem
28%
21 Texas Arlington
25%
20 New Hampshire Manchester
22%
27 Maryland Clinton
19%
25 North Carolina Greenville
16%
20 Rhode Island Newport
16%
24 Iowa Marion
13%
20 North Carolina Burlington
9%
21 Texas Georgetown
9%
20 North Carolina Clayton
6%
21 New York Kingston
6%
20 Georgia Milton
6%
29 New Jersey Fairview
3%
21 Ohio Centerville
0%
No matching quizzes found
Score Distribution
Percent of People with Each Score
Percentile by Number Answered
Your Score History
You have not taken this quiz